PHARMACEUTICAL JURISPRUDENCE (Record no. 7257)
[ view plain ]
| 000 -LEADER | |
|---|---|
| fixed length control field | 00322nam a2200133Ia 4500 |
| 008 - FIXED-LENGTH DATA ELEMENTS--GENERAL INFORMATION | |
| fixed length control field | 150301s2015 xx 000 0 und d |
| 082 ## - DEWEY DECIMAL CLASSIFICATION NUMBER | |
| Classification number | 615.19 |
| Item number | P09G |
| 100 ## - MAIN ENTRY--PERSONAL NAME | |
| Personal name | T P GOPINATHAN |
| 245 ## - TITLE STATEMENT | |
| Title | PHARMACEUTICAL JURISPRUDENCE |
| 260 ## - PUBLICATION, DISTRIBUTION, ETC. (IMPRINT) | |
| Name of publisher, distributor, etc. | B I PUBLICATIONS |
| 300 ## - PHYSICAL DESCRIPTION | |
| Extent | 216 |
| 650 ## - SUBJECT ADDED ENTRY--TOPICAL TERM | |
| Topical term or geographic name as entry element | PHARMACEUTICS |
| 942 ## - ADDED ENTRY ELEMENTS (KOHA) | |
| Source of classification or shelving scheme | Dewey Decimal Classification |
| Koha item type | Books |
| Koha issues (borrowed), all copies | 58 |
| Withdrawn status | Lost status | Source of classification or shelving scheme | Damaged status | Not for loan | Collection code | Home library | Current library | Date acquired | Source of acquisition | Cost, normal purchase price | SGTU | Bill Number | Total Checkouts | Full call number | Barcode | Date last seen | Date last checked out | Bill Date | Koha item type |
|---|---|---|---|---|---|---|---|---|---|---|---|---|---|---|---|---|---|---|---|
| Dewey Decimal Classification | PHARMACY | SGT FA-FP Library | SGT FA-FP Library | 02/07/2015 | ABC-DELHI | 155.00 | SGTU | 5588 | 21 | 615.19 P09G | FP821 | 30/01/2025 | 17/01/2025 | 04/04/2015 | Books | ||||
| Dewey Decimal Classification | PHARMACY | SGT FA-FP Library | SGT FA-FP Library | 02/07/2015 | ABC-DELHI | 155.00 | SGTU | 5588 | 23 | 615.19 P09G | FP822 | 24/04/2025 | 24/04/2025 | 04/04/2015 | Books | ||||
| Dewey Decimal Classification | PHARMACY | SGT FA-FP Library | SGT FA-FP Library | 02/07/2015 | ABC-DELHI | 155.00 | SGTU | 5588 | 25 | 615.19 P09G | FP823 | 28/04/2025 | 28/04/2025 | 04/04/2015 | Books | ||||
| Dewey Decimal Classification | PHARMACY | SGT FA-FP Library | SGT FA-FP Library | 02/07/2015 | ABC-DELHI | 155.00 | SGTU | 5588 | 32 | 615.19 P09G | FP824 | 22/05/2025 | 14/05/2025 | 04/04/2015 | Books | ||||
| Dewey Decimal Classification | PHARMACY | SGT FA-FP Library | SGT FA-FP Library | 02/07/2015 | ABC-DELHI | 155.00 | SGTU | 5588 | 27 | 615.19 P09G | FP825 | 04/11/2024 | 01/10/2024 | 04/04/2015 | Books |